Batman Villain Match-Up Quiz Stats

 Plays Quiz Updated Mar 25, 2016

Challenge
Share
Tweet
Score 0/22 Timer 04:00
9 Plays Today
% Correct
Poison
96.8%
Mr.
94%
Harvey
93.3%
Mad
92.7%
Harley
91.7%
Ra's
91.5%
Killer
84.9%
Selina
82%
Man-
81.6%
Edward
80.2%
Oswald
79.8%
% Correct
Red
77.4%
Clay
76.5%
Black
74.8%
Carmine
71.1%
Hugo
70.7%
Calendar
69%
Salvatore
68.7%
Jonathan
65.8%
Clock
60.6%
Joe
58.5%
Rupert
50.7%

You're not logged in!

Compare scores with friends on all Sporcle quizzes.
OR
Log In

You Might Also Like...

Show Comments

Extras

Top Quizzes Today


Score Distribution

Your Account Isn't Verified!

In order to create a playlist on Sporcle, you need to verify the email address you used during registration. Go to your Sporcle Settings to finish the process.

Report this User

Report this user for behavior that violates our Community Guidelines.

Details: